Con que sueñan las mujeres del campo y la ciudad /
Gorde:
| Erakunde egilea: | |
|---|---|
| Formatua: | Procedimiento de la Conferencia |
| Hizkuntza: | Spanish |
| Argitaratua: |
San José, Costa Ria:
Voces nuestras,
2007
|
| Edizioa: | 1. edición |
| Gaiak: | |
| Etiketak: |
Etiketa erantsi
Etiketarik gabe, Izan zaitez lehena erregistro honi etiketa jartzen!
|
MARC
| LEADER | 000000000a22000000004500 | ||
|---|---|---|---|
| 001 | 001023 | ||
| 008 | 170621s2007 cr ||||| |||| 00| 0 spa d | ||
| 020 | |a 9789968787055 | ||
| 041 | 0 | |a español | |
| 082 | |a 305.4 |b C744c | ||
| 111 | 2 | |a Concurso voces, imágenes y testimonios |n 3 : |d 2007 | |
| 245 | 1 | 0 | |a Con que sueñan las mujeres del campo y la ciudad / |c Concurso voces, imágenes y testimonios |
| 250 | |a 1. edición | ||
| 260 | |a San José, Costa Ria: |b Voces nuestras, |c 2007 | ||
| 300 | |a 220 páginas | ||
| 500 | |a Número de inscripción 14076 | ||
| 500 | |a Obra seleccionada Centroamericana | ||
| 650 | 4 | |a MUJERES | |
| 650 | 4 | |a RELATOS PERSONALES | |
| 942 | |2 ddc |c BK | ||
| 999 | |c 2149 |d 2149 | ||



